[Event "Bodenseecup"]
[Site "Pfullendorf"]
[Date "2003.05.02"]
[Round "1.1"]
[White "Renner, Christoph"]
[Black "Siegel, Georg"]
[Result "1-0"]
[WhiteElo "2418"]
[BlackElo "2442"]
[PlyCount "59"]
[EventDate "2003.05.??"]
[SourceDate "2003.05.03"]
[WhiteTeam "Bayern"]
[BlackTeam "Baden"]

1. e4 c5 2. d3 Nc6 3. g3 g6 4. Bg2 Bg7 5. Nf3 Nf6 6. O-O O-O 7. c3 d6 8. Nbd2
Rb8 9. Re1 Nd7 10. Nb3 b5 11. d4 a5 12. Be3 a4 13. Nbd2 a3 14. b4 cxb4 15. cxb4
Nxb4 16. Qb3 Qa5 17. Rab1 Na6 18. Rec1 e5 19. Qd5 Nb4 20. Qb3 Na6 21. Qd5 exd4
22. Nxd4 Nf6 23. Qxd6 Rd8 24. N2b3 Rxd6 25. Nxa5 Be6 26. e5 Rxd4 27. Bxd4 Nd7
28. Nc6 Re8 29. Rxb5 Bxa2 30. Ra5 1-0

[Event "Bodenseecup"]
[Site "Pfullendorf"]
[Date "2003.05.02"]
[Round "1.2"]
[White "Miltner, Arndt"]
[Black "Bromberger, Stefan"]
[Result "1-0"]
[WhiteElo "2368"]
[BlackElo "2417"]
[PlyCount "51"]
[EventDate "2003.05.??"]
[SourceDate "2003.05.03"]
[WhiteTeam "Baden"]
[BlackTeam "Bayern"]

1. d4 Nf6 2. Nf3 e6 3. e3 b6 4. Nbd2 Bb7 5. Bd3 c5 6. dxc5 Bxc5 7. e4 Nc6 8. c3
Qc7 9. O-O Rd8 10. Qe2 e5 11. Nc4 b5 12. Ne3 Ne7 13. Nd5 Nexd5 14. exd5 O-O 15.
Bg5 Nxd5 16. Bxd8 Rxd8 17. Qxe5 Bd6 18. Qh5 h6 19. Ng5 hxg5 20. Qh7+ Kf8 21.
Rfe1 f5 22. Qxf5+ Nf6 23. Qxg5 Bxh2+ 24. Kh1 a6 25. Bg6 Kg8 26. Re7 1-0

[Event "Bodenseecup"]
[Site "Pfullendorf"]
[Date "2003.05.02"]
[Round "1.3"]
[White "Umansky, Mikhail"]
[Black "Arnold, Lothar"]
[Result "1-0"]
[WhiteElo "2415"]
[BlackElo "2368"]
[PlyCount "159"]
[EventDate "2003.05.??"]
[SourceDate "2003.05.03"]
[WhiteTeam "Bayern"]
[BlackTeam "Baden"]

1. d4 d5 2. c4 dxc4 3. e4 Nf6 4. e5 Nd5 5. Bxc4 Nb6 6. Bb3 Nc6 7. Nf3 Bg4 8.
Bxf7+ Kxf7 9. Ng5+ Ke8 10. Qxg4 Qxd4 11. Qe2 Qxe5 12. Be3 Nd5 13. O-O e6 14.
Nc3 Bd6 15. Nf3 Qh5 16. Nxd5 Bxh2+ 17. Kh1 Bd6+ 18. Kg1 Bh2+ 19. Kh1 Bd6+ 20.
Kg1 Qxd5 21. Rfd1 Qh5 22. Qc4 Kd7 23. Rac1 Raf8 24. b4 Rxf3 25. gxf3 Ke7 26. f4
a6 27. a4 Bxb4 28. Bc5+ Bxc5 29. Qxc5+ Qxc5 30. Rxc5 Rf8 31. Rc4 Rf7 32. Rb1
Kd6 33. Rxb7 Na5 34. Rd4+ Kc5 35. Rbb4 Rf5 36. Re4 Kd6 37. Rb8 Nc6 38. Re8 Rf6
39. Ra8 a5 40. Ra6 Rf5 41. Kg2 Rc5 42. Re5 Rc4 43. Rexa5 Rxf4 44. Rb5 Rc4 45.
Rb1 Rc5 46. Rd1+ Rd5 47. Rc1 Rc5 48. Rxc5 Kxc5 49. Kg3 e5 50. Kg4 Nd4 51. Ra8
Kb4 52. a5 Kb5 53. a6 Kb6 54. Re8 Kxa6 55. Rxe5 Nc6 56. Rd5 Kb6 57. f4 g6 58.
Rd7 h6 59. Rh7 g5 60. f5 Ne5+ 61. Kh5 c5 62. f6 Kc6 63. Re7 Nd7 64. Rxd7 Kxd7
65. Kxh6 c4 66. f7 Kc6 67. f8=Q Kb5 68. Qe8+ Kb4 69. Qb8+ Ka3 70. Qa8+ Kb2 71.
Qb8+ Kc2 72. Qh2+ Kb3 73. Qg3+ c3 74. Qxg5 Kb2 75. Qe5 Kc2 76. Qd4 Kb3 77. Qd3
Kb2 78. Qb5+ Ka1 79. Qa4+ Kb1 80. Qb3+ 1-0

[Event "Bodenseecup"]
[Site "Pfullendorf"]
[Date "2003.05.02"]
[Round "1.4"]
[White "Wippermann, Till"]
[Black "Ostermeyer, Peter"]
[Result "1-0"]
[WhiteElo "2366"]
[BlackElo "2410"]
[PlyCount "109"]
[EventDate "2003.05.??"]
[SourceDate "2003.05.03"]
[WhiteTeam "Baden"]
[BlackTeam "Bayern"]

1. e4 c5 2. Nc3 Nc6 3. f4 g6 4. Nf3 Bg7 5. Bb5 Nd4 6. O-O e6 7. e5 a6 8. Bd3 d5
9. Nxd4 cxd4 10. Ne2 f6 11. exf6 Bxf6 12. b4 Ne7 13. Bb2 Qb6 14. a3 Bd7 15. Qe1
Bb5 16. Bxb5+ axb5 17. Qf2 Nc6 18. c3 O-O 19. cxd4 Ne7 20. Rac1 Qd6 21. Rc5 b6
22. Rc3 Rac8 23. Rfc1 Rc4 24. d3 Rxc3 25. Rxc3 Rc8 26. Qe1 Rxc3 27. Qxc3 h5 28.
Bc1 Kf7 29. Be3 Ke8 30. Bf2 Kd7 31. g3 Qb8 32. Kg2 Qa8 33. Kf1 Bg7 34. Ng1 Qf8
35. Nf3 Qf5 36. Kg2 Nc6 37. Qd2 Bf6 38. Qe3 Kc7 39. h3 Bg7 40. Ne5 Bxe5 41.
dxe5 d4 42. Qe4 Kd7 43. g4 hxg4 44. Qxf5 exf5 45. hxg4 Ke6 46. Kg3 g5 47. fxg5
Kxe5 48. g6 fxg4 49. g7 Ne7 50. Kxg4 Ng8 51. Kg5 Ne7 52. Kh6 Ke6 53. Kh7 Kf7
54. Bh4 Ng8 55. Bg5 1-0

[Event "Bodenseecup"]
[Site "Pfullendorf"]
[Date "2003.05.02"]
[Round "1.5"]
[White "Janz, Frerik"]
[Black "Raupp, Thomas"]
[Result "1/2-1/2"]
[WhiteElo "2393"]
[BlackElo "2349"]
[PlyCount "49"]
[EventDate "2003.05.??"]
[SourceDate "2003.05.03"]
[WhiteTeam "Bayern"]
[BlackTeam "Baden"]

1. e4 c5 2. Nf3 e6 3. c3 d5 4. exd5 Qxd5 5. d4 Nf6 6. Bd3 Be7 7. O-O O-O 8. c4
Qh5 9. dxc5 Bxc5 10. a3 Be7 11. Nc3 Rd8 12. Ne2 Bd7 13. Ng3 Qa5 14. Bf4 Qb6 15.
b4 a5 16. c5 Qc6 17. Ne5 Qd5 18. Nh5 Bc6 19. Nxf6+ Bxf6 20. Bxh7+ Kxh7 21. Qh5+
Kg8 22. Qxf7+ Kh8 23. Qh5+ Kg8 24. Qf7+ Kh8 25. Qh5+ 1/2-1/2

[Event "Bodenseecup"]
[Site "Pfullendorf"]
[Date "2003.05.02"]
[Round "1.6"]
[White "Boguslavskyy, Oleg"]
[Black "Maier, Alexander"]
[Result "0-1"]
[WhiteElo "2299"]
[BlackElo "2371"]
[PlyCount "74"]
[EventDate "2003.05.??"]
[SourceDate "2003.05.03"]
[WhiteTeam "Baden"]
[BlackTeam "Bayern"]

1. e4 e5 2. Nf3 Nc6 3. Bb5 a6 4. Ba4 Nf6 5. O-O Nxe4 6. d4 b5 7. Bb3 d5 8. dxe5
Be6 9. c3 Bc5 10. Nbd2 O-O 11. Bc2 Nxf2 12. Rxf2 f6 13. exf6 Bxf2+ 14. Kxf2
Qxf6 15. Kg1 Rae8 16. Qf1 g5 17. Qd3 Rf7 18. Nf1 g4 19. Bg5 Qg7 20. Nd4 Nxd4
21. Qxd4 Qxg5 22. Ng3 Bc8 23. Rf1 Rxf1+ 24. Nxf1 c6 25. Qb6 Rf8 26. Qxc6 Rxf1+
27. Kxf1 Qc1+ 28. Kf2 Qxc2+ 29. Kg3 Qd3+ 30. Kh4 Qf5 31. Qe8+ Qf8 32. Qe5 Qh6+
33. Kg3 Qe6 34. Qg5+ Kf8 35. Qd8+ Kf7 36. Qc7+ Kg6 37. Kh4 h5 0-1

[Event "Bodenseecup"]
[Site "Pfullendorf"]
[Date "2003.05.02"]
[Round "1.7"]
[White "Kurz, Eugen"]
[Black "Werner, Clemens"]
[Result "1-0"]
[WhiteElo "2362"]
[BlackElo "2334"]
[PlyCount "124"]
[EventDate "2003.05.??"]
[SourceDate "2003.05.03"]
[WhiteTeam "Bayern"]
[BlackTeam "Baden"]

1. e4 c5 2. Nf3 d6 3. c3 Nf6 4. Bc4 e6 5. Qe2 a6 6. d3 Be7 7. O-O O-O 8. Bb3
Nc6 9. Rd1 Bd7 10. Nbd2 Qc7 11. h3 Rac8 12. Nf1 Rfd8 13. Bf4 b5 14. Ne3 Qb7 15.
g4 Na5 16. Bc2 b4 17. g5 Nh5 18. Bh2 Be8 19. c4 Nc6 20. d4 cxd4 21. Nxd4 g6 22.
h4 Qb6 23. Nxc6 Bxc6 24. Rd2 Qc5 25. Qd3 Bf8 26. Bd1 h6 27. Bxh5 gxh5 28. g6
fxg6 29. e5 Kh7 30. exd6 Bb7 31. Bg3 Rd7 32. Kh2 Bg7 33. Rg1 Rf8 34. f4 Qc6 35.
Be1 Rxf4 36. Qxg6+ Kh8 37. Qe8+ Rf8 38. Qxe6 Rdf7 39. Nd5 Bc8 40. Ne7 Bxe6 41.
Nxc6 Rc8 42. Ne7 Rxc4 43. d7 Be5+ 44. Kh1 Bc7 45. d8=Q+ Bxd8 46. Rxd8+ Kh7 47.
Ng6 Bf5 48. Rh8+ Kg7 49. Ne5+ Kxh8 50. Nxf7+ Kh7 51. Nd6 Be4+ 52. Nxe4 Rxe4 53.
Bf2 a5 54. b3 Re2 55. Bd4 Rd2 56. Bf6 Rf2 57. Bd8 Rxa2 58. Rg2 Ra3 59. Bf6 a4
60. bxa4 b3 61. Bb2 Ra2 62. a5 Ra1+ 1-0

[Event "Bodenseecup"]
[Site "Pfullendorf"]
[Date "2003.05.02"]
[Round "1.8"]
[White "Herbrechtsmeier, Christof"]
[Black "Kaiser, Wolfgang"]
[Result "0-1"]
[WhiteElo "2286"]
[BlackElo "2339"]
[PlyCount "82"]
[EventDate "2003.05.??"]
[SourceDate "2003.05.03"]
[WhiteTeam "Baden"]
[BlackTeam "Bayern"]

1. e4 c5 2. Nf3 d6 3. d4 cxd4 4. Nxd4 Nf6 5. Nc3 e6 6. Be3 Be7 7. Bc4 O-O 8.
Bb3 Nc6 9. Qe2 a6 10. O-O-O Qe8 11. Rhg1 b5 12. g4 Nxd4 13. Bxd4 Nd7 14. g5 Nc5
15. e5 Nxb3+ 16. axb3 d5 17. Rd3 g6 18. h4 a5 19. Rh3 a4 20. bxa4 b4 21. Nd1
Qxa4 22. b3 Qc6 23. h5 Ba6 24. Qd2 Rfc8 25. Ne3 Rc7 26. f4 Bc5 27. hxg6 fxg6
28. Rgh1 Be2 29. Bb2 Bxe3 30. Rxe3 d4 31. Rxe2 Qxh1+ 32. Re1 Qf3 33. Kb1 Rd8
34. Rd1 Rcd7 35. Qd3 Qxf4 36. Qc4 Qxe5 37. Qxb4 Qxg5 38. Qb6 Qg4 39. Re1 Rd6
40. Qc7 Qf5 41. Ba3 R6d7 0-1

[Event "Bodenseecup"]
[Site "Pfullendorf"]
[Date "2003.05.02"]
[Round "1.9"]
[White "Hirn, Oskar"]
[Black "Metz, Hartmut"]
[Result "1-0"]
[WhiteElo "2330"]
[BlackElo "2351"]
[PlyCount "99"]
[EventDate "2003.05.??"]
[SourceDate "2003.05.03"]
[WhiteTeam "Bayern"]
[BlackTeam "Baden"]

1. d4 c6 2. Nf3 d5 3. c4 Nf6 4. Nc3 dxc4 5. a4 Bf5 6. e3 e6 7. Bxc4 Nbd7 8. O-O
Bb4 9. Bd2 O-O 10. Ne4 Qa5 11. Ng3 Ne4 12. Nxf5 Nxd2 13. Nxd2 exf5 14. Nf3 g6
15. Qb3 Nb6 16. Ne5 Kg7 17. Bxf7 Rad8 18. Be6 Rf6 19. g3 Be7 20. Rfd1 h5 21. h4
Qb4 22. Nd3 Qxb3 23. Bxb3 Nd5 24. Bxd5 Rxd5 25. b4 Rf7 26. Rab1 a6 27. Kf1 Bf6
28. Ke2 Re7 29. Kd2 Kf7 30. Rdc1 Re8 31. Rc5 Red8 32. Ke2 Be7 33. Rc2 Kf6 34.
Nf4 R5d7 35. b5 cxb5 36. axb5 Rd6 37. Rc5 R8d7 38. Ra1 Kf7 39. bxa6 Rxa6 40.
Rxa6 bxa6 41. Rc6 Rd6 42. Rc7 Kf6 43. Kd3 Bd8 44. Ra7 g5 45. hxg5+ Kxg5 46. Rh7
Rh6 47. Rg7+ Kf6 48. Rd7 Ba5 49. Rd6+ Kg5 50. Nh3+ 1-0

[Event "Bodenseecup"]
[Site "Pfullendorf"]
[Date "2003.05.02"]
[Round "1.10"]
[White "Scherer, Max"]
[Black "Deglmann, Ludwig"]
[Result "0-1"]
[WhiteElo "2296"]
[BlackElo "2278"]
[PlyCount "70"]
[EventDate "2003.05.??"]
[SourceDate "2003.05.03"]
[WhiteTeam "Baden"]
[BlackTeam "Bayern"]

1. c4 f5 2. h3 e5 3. g4 d6 4. Bg2 Nc6 5. e3 g6 6. Nc3 Bg7 7. a3 Be6 8. gxf5
Bxf5 9. Nge2 Nge7 10. Ng3 O-O 11. d3 Qd7 12. Nd5 Be6 13. Bd2 Nf5 14. Qe2 Nh4
15. Be4 Nd8 16. Rh2 c6 17. Nc3 d5 18. Bh1 b5 19. cxd5 cxd5 20. Rd1 Rc8 21. d4
exd4 22. Nxb5 Nc6 23. exd4 a6 24. Bg5 axb5 25. Bxh4 Bxh3 26. Bg5 Rfe8 27. Be3
Nxd4 28. Qd3 Nc2+ 29. Kd2 d4 30. Bf4 Bg4 31. Rc1 Qf7 32. Bg5 Be5 33. Qxb5 Bf4+
34. Kd3 Re5 35. Qb7 Qc4# 0-1

[Event "Bodenseecup"]
[Site "Pfullendorf"]
[Date "2003.05.02"]
[Round "1.11"]
[White "Shekhter, Dmitriy"]
[Black "Schneider, Bernd2"]
[Result "0-1"]
[WhiteElo "2206"]
[BlackElo "2224"]
[PlyCount "80"]
[EventDate "2003.05.??"]
[SourceDate "2003.05.03"]
[WhiteTeam "Bayern"]
[BlackTeam "Baden"]

1. e4 c5 2. Nf3 e6 3. d4 cxd4 4. Nxd4 a6 5. Bd3 Qc7 6. c4 Nf6 7. Nc3 Bc5 8. Nc2
Nc6 9. O-O h5 10. Be2 Ne5 11. Ne1 Nfg4 12. g3 d6 13. Bf4 Bd7 14. Rc1 Nxf2 15.
Rxf2 Qb6 16. Nd3 Nxd3 17. Qxd3 Bxf2+ 18. Kg2 Bd4 19. Rd1 e5 20. Nd5 Qd8 21. Be3
Be6 22. Bxd4 Bxd5 23. exd5 exd4 24. Qxd4 Qg5 25. Qb6 Qe5 26. Bf3 O-O 27. b4 a5
28. bxa5 Ra6 29. Qxb7 Rxa5 30. Qb3 Rfa8 31. Rd2 Ra3 32. Qb1 Qc3 33. Rf2 Qxc4
34. Bxh5 Qxd5+ 35. Bf3 Rxf3 36. Rxf3 Rxa2+ 37. Kg1 Qd2 38. Qb8+ Kh7 39. Qb1+
Rc2 40. Kf1 Qe2+ 0-1

[Event "Bodenseecup"]
[Site "Pfullendorf"]
[Date "2003.05.02"]
[Round "1.12"]
[White "Hofrichter, Jens"]
[Black "Lauer, Moritz"]
[Result "1-0"]
[WhiteElo "2156"]
[BlackElo "2169"]
[PlyCount "65"]
[EventDate "2003.05.??"]
[SourceDate "2003.05.03"]
[WhiteTeam "Baden"]
[BlackTeam "Bayern"]

1. e4 d5 2. exd5 Nf6 3. Nf3 Nxd5 4. d4 g6 5. Be2 Bg7 6. O-O O-O 7. Re1 Nb6 8.
c3 Nc6 9. Bf4 Re8 10. Na3 Bf5 11. Bb5 a6 12. Bxc6 bxc6 13. Qd2 Qc8 14. h3 Qb7
15. Bh6 Bh8 16. Ne5 Rad8 17. Qe2 Be6 18. b3 Nd7 19. Nxd7 Rxd7 20. b4 a5 21.
bxa5 Qa7 22. Nc4 c5 23. Ne5 Rd6 24. Qb5 Rb8 25. Nc6 Rxc6 26. Qxc6 Bf6 27. Rab1
Rd8 28. Rb7 Qxa5 29. Rxe6 fxe6 30. Qd7 Qa8 31. Qxe6+ Kh8 32. Rxc7 Re8 33. Rxe7
1-0

[Event "Bodenseecup"]
[Site "Pfullendorf"]
[Date "2003.05.02"]
[Round "1.1"]
[White "Jenni, Florian"]
[Black "Schmittdiel, Eckhard"]
[Result "1/2-1/2"]
[WhiteElo "2516"]
[BlackElo "2536"]
[PlyCount "43"]
[EventDate "2003.05.??"]
[SourceDate "2003.05.03"]
[WhiteTeam "Schweiz"]
[BlackTeam "Württemberg"]

1. e4 c5 2. Nf3 Nc6 3. d4 cxd4 4. Nxd4 e5 5. Nb5 d6 6. c4 Be7 7. N1c3 a6 8. Na3
Be6 9. Bd3 Bg5 10. O-O Nh6 11. Nc2 O-O 12. Nd5 Bxc1 13. Rxc1 f5 14. exf5 Nxf5
15. Nce3 Nxe3 16. fxe3 Rxf1+ 17. Qxf1 Qg5 18. Be4 Rf8 19. Qd3 g6 20. Rf1 Rxf1+
21. Kxf1 Kg7 22. Nc3 1/2-1/2

[Event "Bodenseecup"]
[Site "Pfullendorf"]
[Date "2003.05.02"]
[Round "1.2"]
[White "Reuss, Andreas"]
[Black "Ballmann, Martin"]
[Result "0-1"]
[WhiteElo "2372"]
[BlackElo "2422"]
[PlyCount "119"]
[EventDate "2003.05.??"]
[SourceDate "2003.05.03"]
[WhiteTeam "Württemberg"]
[BlackTeam "Schweiz"]

1. Nf3 g6 2. c4 Bg7 3. Nc3 c5 4. d3 Nc6 5. Bg5 d6 6. e3 a6 7. Rb1 Rb8 8. Be2 b5
9. cxb5 axb5 10. a4 bxa4 11. d4 cxd4 12. exd4 Bd7 13. O-O Nf6 14. Qxa4 O-O 15.
Bb5 Ra8 16. Qc4 Na5 17. Qe2 Bxb5 18. Qxb5 Rb8 19. Qa4 Nb3 20. Rfe1 Rb7 21. Re3
Qa8 22. Qxa8 Rxa8 23. Bxf6 Bxf6 24. Nd5 Kg7 25. Nxf6 Kxf6 26. Kf1 Ra4 27. Rd1
Rab4 28. Rc3 Ra4 29. Re3 Ra2 30. Re2 Na5 31. Rb1 Rb4 32. d5 Nc4 33. Nd2 Nxd2+
34. Rxd2 Ra5 35. f3 Rb3 36. Kf2 g5 37. Re1 Rab5 38. Ree2 h5 39. Ke1 h4 40. h3
Rb7 41. Kd1 R3b5 42. Rf2 Rb4 43. Kc1 Kf5 44. Rfe2 Kf4 45. Rd3 Rc4+ 46. Kd1 Rbc7
47. Rde3 Rd4+ 48. Ke1 f5 49. Kf2 Rxd5 50. Rxe7 Rc1 51. Rf7 Rd4 52. b3 d5 53.
Ra2 Rdd1 54. b4 Rb1 55. Ke2 Rg1 56. Kd3 Rxb4 57. Rd2 Ra4 58. Kc3 d4+ 59. Kb3
Rga1 60. Rd3 0-1

[Event "Bodenseecup"]
[Site "Pfullendorf"]
[Date "2003.05.02"]
[Round "1.3"]
[White "Moor, Roger"]
[Black "Gheng, Josef"]
[Result "1-0"]
[WhiteElo "2405"]
[BlackElo "2335"]
[PlyCount "87"]
[EventDate "2003.05.??"]
[SourceDate "2003.05.03"]
[WhiteTeam "Schweiz"]
[BlackTeam "Württemberg"]

1. c4 e5 2. g3 Nf6 3. Bg2 Be7 4. Nc3 O-O 5. Nf3 d6 6. O-O Re8 7. d3 h6 8. b4
Bf8 9. Bb2 c6 10. b5 Nbd7 11. bxc6 bxc6 12. Nd2 Rb8 13. Rb1 Bb7 14. Ba1 Nb6 15.
c5 dxc5 16. Na4 Nbd5 17. Nb3 Nd7 18. Rc1 Bc8 19. Qd2 Rb4 20. Naxc5 Nxc5 21.
Nxc5 Qb6 22. Qc2 Qb8 23. Nb3 Rb6 24. Na5 Bd7 25. Rb1 Nb4 26. Qd2 Ra6 27. Nc4
Be6 28. Bxe5 Qd8 29. Rxb4 Bxc4 30. Rxc4 Rxe5 31. Rxc6 Rxc6 32. Bxc6 Qb6 33. Bf3
Rb5 34. Rc1 Bc5 35. Kg2 Bxf2 36. Rc8+ Kh7 37. Qf4 f5 38. Qc4 Rc5 39. Qg8+ Kg6
40. Rb8 Qd6 41. Kxf2 Rc1 42. Kg2 Qc5 43. d4 Qc2 44. Rb7 1-0

[Event "Bodenseecup"]
[Site "Pfullendorf"]
[Date "2003.05.02"]
[Round "1.4"]
[White "Schnepp, Gunnar"]
[Black "Moor, Olivier"]
[Result "0-1"]
[WhiteElo "2307"]
[BlackElo "2350"]
[PlyCount "102"]
[EventDate "2003.05.??"]
[SourceDate "2003.05.03"]
[WhiteTeam "Württemberg"]
[BlackTeam "Schweiz"]

1. d4 Nf6 2. c4 e6 3. Nf3 d5 4. Nc3 Nbd7 5. e3 a6 6. b3 b6 7. Bd3 Bb7 8. O-O
Bd6 9. Qc2 O-O 10. e4 dxc4 11. bxc4 e5 12. dxe5 Nxe5 13. Nxe5 Bxe5 14. Bb2 Qd6
15. h3 Rfe8 16. Rfe1 Nd7 17. Rad1 Bc6 18. Bf1 Qg6 19. Re2 Nc5 20. Rde1 Rad8 21.
Rd2 Rxd2 22. Qxd2 Nxe4 23. Nxe4 Bxb2 24. Qxb2 Rxe4 25. Rd1 Re8 26. Qa3 Qh5 27.
Rc1 Qh6 28. Rd1 Qf6 29. c5 b5 30. Qa5 Rc8 31. a4 bxa4 32. Bxa6 Rd8 33. Re1 Qf4
34. Bb5 Bxb5 35. Qxb5 g6 36. g3 Qd4 37. Qa5 c6 38. Kg2 Qd5+ 39. Kg1 Qd4 40. Kg2
Qd5+ 41. Kg1 Rb8 42. h4 Qd4 43. h5 gxh5 44. Qc7 Rb2 45. Re3 Rb1+ 46. Kh2 Qd5
47. Rf3 a3 48. g4 a2 49. gxh5 Qxh5+ 50. Rh3 Rh1+ 51. Kxh1 Qxh3+ 0-1

[Event "Bodenseecup"]
[Site "Pfullendorf"]
[Date "2003.05.02"]
[Round "1.5"]
[White "Gruenenwald, Joerg"]
[Black "Lorscheid, Gerhard"]
[Result "1/2-1/2"]
[WhiteElo "2386"]
[BlackElo "2315"]
[PlyCount "60"]
[EventDate "2003.05.??"]
[SourceDate "2003.05.03"]
[WhiteTeam "Schweiz"]
[BlackTeam "Württemberg"]

1. d4 d6 2. e4 g6 3. c4 Bg7 4. Nc3 Nc6 5. Be3 e5 6. d5 Nce7 7. g4 f5 8. f3 Nh6
9. Be2 c5 10. h4 Bd7 11. Nh3 Nf7 12. a3 Ng8 13. Nf2 f4 14. Bd2 Bf6 15. h5 Bh4
16. hxg6 hxg6 17. Kf1 Qf6 18. Kg2 Bxf2 19. Kxf2 Ngh6 20. b4 Kf8 21. Qg1 Ng5 22.
Ke1 b6 23. Kd1 Kg7 24. Kc2 Nhf7 25. Qg2 Rxh1 26. Rxh1 Rh8 27. Rxh8 Nxh8 28. Nb5
Bxb5 29. cxb5 cxb4 30. axb4 Qd8 1/2-1/2

[Event "Bodenseecup"]
[Site "Pfullendorf"]
[Date "2003.05.02"]
[Round "1.6"]
[White "Meier, Thomas"]
[Black "Papa, Severin"]
[Result "1/2-1/2"]
[WhiteElo "2280"]
[BlackElo "2366"]
[PlyCount "103"]
[EventDate "2003.05.??"]
[SourceDate "2003.05.03"]
[WhiteTeam "Württemberg"]
[BlackTeam "Schweiz"]

1. d4 Nf6 2. c4 g6 3. Nc3 d5 4. Nf3 Bg7 5. Bg5 Ne4 6. Bh4 Nxc3 7. bxc3 dxc4 8.
Qa4+ Qd7 9. Qxc4 b6 10. Qb3 Bb7 11. e3 O-O 12. Be2 Nc6 13. O-O Rac8 14. Rfd1
Na5 15. Qa3 Rfe8 16. Rac1 Qd6 17. Qa4 Bc6 18. Qb4 Qe6 19. c4 Bxf3 20. Bxf3 c5
21. Qb5 cxd4 22. exd4 Bf6 23. Bg3 Red8 24. d5 Qf5 25. h3 Rc5 26. Qa6 Bb2 27.
Bg4 Qf6 28. Rc2 h5 29. Be2 Rd7 30. Bb8 Be5 31. Bxa7 Bc7 32. Rb1 Rd6 33. Rcb2
Qe5 34. g3 Kg7 35. Bf1 b5 36. Qc8 Bb6 37. Qa8 Nxc4 38. Bxb6 Nxb6 39. Qa5 Nxd5
40. Rxb5 Rxb5 41. Qxb5 h4 42. Qb2 Nc3 43. gxh4 Rd5 44. Rc1 Rc5 45. Kh1 Qd4 46.
a4 e5 47. a5 Qe4+ 48. Bg2 Qd4 49. a6 Ne2 50. Rb1 Qxf2 51. a7 Ra5 52. Ra1
1/2-1/2

[Event "Bodenseecup"]
[Site "Pfullendorf"]
[Date "2003.05.02"]
[Round "1.7"]
[White "Loetscher, Roland"]
[Black "Hoensch, Matthias"]
[Result "0-1"]
[WhiteElo "2378"]
[BlackElo "2312"]
[PlyCount "116"]
[EventDate "2003.05.??"]
[SourceDate "2003.05.03"]
[WhiteTeam "Schweiz"]
[BlackTeam "Württemberg"]

1. d4 g6 2. c4 Bg7 3. e4 d6 4. Nc3 Nc6 5. Be3 e5 6. d5 Nce7 7. c5 f5 8. Bb5+
Kf8 9. f3 Bh6 10. Bf2 Nf6 11. h3 Nh5 12. Nge2 Kg7 13. O-O Rf8 14. b4 Kh8 15. a4
Ng8 16. a5 Ngf6 17. a6 b6 18. Qd3 Bd7 19. Ra2 Bxb5 20. Nxb5 Qd7 21. Na3 Nf4 22.
Nxf4 Bxf4 23. Rc2 Nh5 24. cxd6 cxd6 25. Rc6 Bg3 26. Bxg3 Nxg3 27. Rfc1 Qf7 28.
Qe3 fxe4 29. fxe4 Qf4 30. Re1 h5 31. Rxd6 Qxe3+ 32. Rxe3 Rf1+ 33. Kh2 h4 34.
Rxg3 hxg3+ 35. Kxg3 Re1 36. Nb5 Rxe4 37. Rd7 Rxb4 38. Nxa7 e4 39. Kf4 Re8 40.
Ke3 Rb3+ 41. Ke2 e3 42. Nc6 Ra3 43. Rd8 Ra2+ 44. Kf3 Rf2+ 45. Kg3 Rff8 46. Rxe8
Rxe8 47. Nd4 e2 48. Nxe2 Rxe2 49. d6 Re8 50. Kf4 Ra8 51. d7 Kg7 52. Ke5 Kf7 53.
Kd6 b5 54. Kc5 Ke7 55. Kxb5 Kxd7 56. Kb6 Rb8+ 57. Ka5 Kc7 58. a7 Rb1 0-1

[Event "Bodenseecup"]
[Site "Pfullendorf"]
[Date "2003.05.02"]
[Round "1.8"]
[White "Braeuning, Rudolf Wilhelm"]
[Black "Kuemin, Simon"]
[Result "1/2-1/2"]
[WhiteElo "2255"]
[BlackElo "2328"]
[PlyCount "59"]
[EventDate "2003.05.??"]
[SourceDate "2003.05.03"]
[WhiteTeam "Württemberg"]
[BlackTeam "Schweiz"]

1. e4 e6 2. d4 d5 3. Nd2 Nf6 4. e5 Nfd7 5. Bd3 c5 6. c3 Nc6 7. Ndf3 cxd4 8.
cxd4 f6 9. exf6 Nxf6 10. Nh3 Bd6 11. O-O O-O 12. Re1 Qc7 13. Nhg5 h6 14. Nxe6
Bxe6 15. Rxe6 Ng4 16. h3 Bh2+ 17. Kf1 Nxf2 18. Kxf2 Rxf3+ 19. Qxf3 Nxd4 20. Re7
Qxe7 21. Qxd5+ Kh8 22. g3 Rf8+ 23. Kg2 Nc2 24. Bxh6 gxh6 25. Bxc2 Qe2+ 26. Kh1
Qxc2 27. Qd4+ Kh7 28. Qd7+ Kh8 29. Qd4+ Kh7 30. Qd7+ 1/2-1/2

[Event "Bodenseecup"]
[Site "Pfullendorf"]
[Date "2003.05.02"]
[Round "1.9"]
[White "Hochstrasser, Michael"]
[Black "Bauer, Peter"]
[Result "1-0"]
[WhiteElo "2359"]
[BlackElo "2240"]
[PlyCount "120"]
[EventDate "2003.05.??"]
[SourceDate "2003.05.03"]
[WhiteTeam "Schweiz"]
[BlackTeam "Württemberg"]

1. d4 Nf6 2. c4 e6 3. Nc3 Bb4 4. f3 d5 5. a3 Bxc3+ 6. bxc3 c5 7. e3 O-O 8. cxd5
Nxd5 9. Ne2 f5 10. g3 b6 11. Bg2 Bb7 12. O-O Na6 13. e4 fxe4 14. fxe4 Rxf1+ 15.
Kxf1 Nf6 16. Bg5 h6 17. Bxf6 Qxf6+ 18. Kg1 Rf8 19. Nf4 cxd4 20. cxd4 e5 21.
Qb3+ Kh7 22. dxe5 Qxe5 23. Re1 Nc5 24. Qe3 Re8 25. Nd3 Nxd3 26. Qxd3 Rc8 27.
Qd7 Rc7 28. Qf5+ Qxf5 29. exf5 Bxg2 30. Kxg2 Rc2+ 31. Kh3 Rf2 32. Re7 a5 33.
Kg4 Kg8 34. h4 h5+ 35. Kxh5 Rxf5+ 36. Kg6 Rf6+ 37. Kg5 Rf3 38. g4 Rf6 39. Rb7
Rc6 40. Kf5 Rc5+ 41. Kg6 Rc6+ 42. Kh5 Rh6+ 43. Kg5 Rf6 44. h5 Kh7 45. Kh4 Rc6
46. Rb8 Rd6 47. g5 Rd4+ 48. Kg3 Ra4 49. Rb7 Rxa3+ 50. Kf4 Kg8 51. Rxb6 Kf7 52.
Rb7+ Kf8 53. Ra7 Rb3 54. Rxa5 Rb7 55. Kf5 Kf7 56. g6+ Ke7 57. Kg5 Rb1 58. Rf5
Rg1+ 59. Kh4 Rh1+ 60. Kg4 Rg1+ 1-0

[Event "Bodenseecup"]
[Site "Pfullendorf"]
[Date "2003.05.02"]
[Round "1.10"]
[White "Saur, Michael"]
[Black "Georges, Sascha"]
[Result "0-1"]
[WhiteElo "2149"]
[BlackElo "2288"]
[PlyCount "68"]
[EventDate "2003.05.??"]
[SourceDate "2003.05.03"]
[WhiteTeam "Württemberg"]
[BlackTeam "Schweiz"]

1. e4 c5 2. Nf3 d6 3. d4 cxd4 4. Nxd4 Nf6 5. Nc3 Nc6 6. Bg5 e6 7. Qd2 a6 8.
O-O-O Bd7 9. f3 Be7 10. Kb1 Rc8 11. h4 b5 12. g4 Nxd4 13. Qxd4 Qc7 14. Bxf6
gxf6 15. g5 Qc5 16. gxf6 Qxd4 17. Rxd4 Bxf6 18. Rxd6 Bc6 19. Rd2 Rg8 20. Bh3
Rd8 21. Rxd8+ Kxd8 22. Ne2 Ke7 23. c3 Rg6 24. Kc2 Rh6 25. Bg4 Rxh4 26. Rxh4
Bxh4 27. Nd4 Bb7 28. Kd3 Kf6 29. f4 Bf2 30. Bh5 e5 31. Nf5 exf4 32. Bxf7 Ke5
33. Ne7 Bxe4+ 34. Ke2 Bc5 0-1

[Event "Bodenseecup"]
[Site "Pfullendorf"]
[Date "2003.05.02"]
[Round "1.11"]
[White "Zenklusen, Rico"]
[Black "Namyslo, Holger"]
[Result "1/2-1/2"]
[WhiteElo "2279"]
[BlackElo "2303"]
[PlyCount "120"]
[EventDate "2003.05.??"]
[SourceDate "2003.05.03"]
[WhiteTeam "Schweiz"]
[BlackTeam "Württemberg"]

1. e4 e6 2. d4 d5 3. Nc3 Bb4 4. e5 c5 5. Bd2 Ne7 6. Nf3 cxd4 7. Nb5 Bxd2+ 8.
Qxd2 O-O 9. Bd3 Bd7 10. Nbxd4 Nbc6 11. O-O Qb6 12. c3 Nxd4 13. Nxd4 Nc6 14.
Rfe1 f6 15. Nf3 Rf7 16. Qe3 Qxe3 17. Rxe3 Raf8 18. Rf1 Bc8 19. a3 Rc7 20. Rfe1
a6 21. g3 h6 22. h4 f5 23. Nd4 Nxd4 24. cxd4 Bd7 25. R3e2 Rfc8 26. f3 Bb5 27.
Bxb5 axb5 28. Kf2 Rc4 29. Ke3 b4 30. axb4 Rxb4 31. Rd1 Rcc4 32. Rd3 Kf7 33.
Red2 Kg6 34. g4 fxg4 35. fxg4 Rc1 36. Kf4 h5 37. gxh5+ Kxh5 38. Rg2 Kh6 39. h5
Kh7 40. Rdg3 Rxd4+ 41. Ke3 Re4+ 42. Kd2 Rc7 43. Re3 Rh4 44. Rg6 Rh2+ 45. Re2
Rc2+ 46. Kxc2 Rxe2+ 47. Kd3 Rxe5 48. Kd4 Re4+ 49. Kc5 Rc4+ 50. Kb6 d4 51. Kxb7
e5 52. Re6 Rc5 53. b4 Rd5 54. Kc6 d3 55. Kxd5 d2 56. Rxe5 d1=Q+ 57. Kc5 Qd7 58.
Rd5 Qc7+ 59. Kb5 Kg8 60. Rc5 Qb7+ 1/2-1/2